Indiana : aportes a la etnología y arqueología lingüística, socio-antropología e historia indígenas de América Latina : reseñas bibliográficas = Beiträge zur Völker und Altertumskunde, Sprachen-Sozial und Geschichts-Forschung des Indianischen Lateinamerika : Buchbesprechungen = Contributions to the Ethnology and Archaeology, Linguistics, Social Anthropology and History of Indigenous Latin American : Book Reviews /

Gespeichert in:
Bibliographische Detailangaben
Format: Buch
Sprache:Spanisch
Tags: Tag hinzufügen

MARC

LEADER 00000nam^a2200000^a^4500
001 000561989
005 20250526000000.0
009 20260310131935.052
037 |a Acervo ITESO - Biblioteca 
041 |a ESP 
091 |a FHA. 02947 
245 |a Indiana :  |b aportes a la etnología y arqueología lingüística, socio-antropología e historia indígenas de América Latina : reseñas bibliográficas = Beiträge zur Völker und Altertumskunde, Sprachen-Sozial und Geschichts-Forschung des Indianischen Lateinamerika : Buchbesprechungen = Contributions to the Ethnology and Archaeology, Linguistics, Social Anthropology and History of Indigenous Latin American : Book Reviews / 
264 |a Berlín, Alemania :  |b editorial no identificada  |c 1987 
300 |a p. 434-454 ;  |c 24.0 cm. 
336 |a texto  |b txt  |2 rdacontenido 
337 |a sin mediación  |b n  |2 rdamedio 
338 |a volumen  |b nc  |2 rdasoporte 
515 |a Inventario familia Hartung: 1799 
649 |a XX 
910 |a Fondo Horst Hartung Franz 
920 |a Impresos - Libros 
930 |a Libros Antiguos y Raros 
905 |a 135 
901 |a 0500399872  |b IT2  |c LRA  |i D  |u 20250526 
901 |a 0500334707  |b IT2  |c LRA  |i D  |u 20250526 
901 |a 0500399873  |b IT2  |c LRA  |i D  |u 20250526 
901 |a 0500399874  |b IT2  |c LRA  |i D  |u 20250526 
902 |a https://opac.biblio.iteso.mx/vufind/Record/000561989